000 00821cam a2200265 a 4500
001 000004668
005 20200929151458.0
008 920718s1993 sp 000 f spa
020 _a8427017375
040 _aDO-SdBNP
_bspa
_cBNPHU
082 _a843.914
_bF123s
100 1 _aFabre, Nicole
_913611
240 1 0 _aL'ombre du prophete.
_lFrancés
245 1 3 _aLa sombra del profeta /
_cNicole Fabre ; traducción de Teresa Clavel.
260 _aBarcelona :
_bMartínez Roca,
_cc1993.
300 _a376 p. ;
_c24 cm.
490 1 _aNovela histórica
534 _pTítulo original :
_tL'ombre du prophete
650 4 _aNovela francesa
_91075
650 4 _aLiteratura francesa
_91074
700 1 _aClavel, Teresa,
_etr.
_913612
830 0 _aNovela histórica
_910544
910 _aCatalogación derivada
910 _aWM
999 _c4474
_d4474